[Event "BL 1920 Hamburger SK - Schachfreunde De"]
[Site "?"]
[Date "2020.02.08"]
[Round "5.4"]
[White "Ernst, Sipke"]
[Black "Bluebaum, Matthias"]
[Result "1-0"]
[WhiteElo "2544"]
[BlackElo "2651"]
[PlyCount "141"]
[EventDate "2020.??.??"]

1. d4 Nf6 2. c4 e6 3. g3 d5 4. Nf3 Bb4+ 5. Bd2 Bd6 6. Nc3 O-O 7. Bg5 Be7 8. Bg2
h6 9. Bxf6 Bxf6 10. O-O c6 11. e3 Nd7 12. Nd2 Rb8 13. b4 a5 14. a3 Be7 15. Rb1
b5 16. c5 e5 17. Nb3 axb4 18. axb4 e4 19. Na5 Qc7 20. f3 exf3 21. Qxf3 Nf6 22.
e4 dxe4 23. Nxe4 Bd7 24. Nxf6+ Bxf6 25. Rbd1 Rbc8 26. Qh5 Bg5 27. h4 Bd8 28.
Rd3 Qa7 29. Ra3 Be6 30. d5 cxd5 31. Nc4 Qd7 32. Nd6 Rb8 33. Bxd5 Be7 34. Bxe6
Qxe6 35. Nf5 Bf6 36. Qf3 Kh7 37. Re3 Qc4 38. Re4 Qc2 39. Nd6 Ra8 40. Re2 Qa4
41. Qe4+ Kg8 42. Kg2 Qb3 43. Rf3 Qd1 44. Rf1 Qb3 45. Rf3 Qd1 46. Qd3 Ra1 47.
Qxd1 Rxd1 48. Rf4 Rb8 49. Rfe4 Bc3 50. Re8+ Rxe8 51. Rxe8+ Kh7 52. Re4 Rc1 53.
Nxf7 Kg6 54. Nd6 Kf6 55. Nxb5 Be5 56. Na3 Rc3 57. Nc4 Rxg3+ 58. Kf2 Bb8 59. Re8
Bc7 60. b5 Rc3 61. b6 Bh2 62. Re4 Rc1 63. Kg2 Kf5 64. Rd4 Bg1 65. Nd6+ Ke6 66.
b7 Rb1 67. b8=Q Rxb8 68. Kxg1 g5 69. h5 Rb1+ 70. Kf2 Rc1 71. Nc4 1-0

[Event "BL 1920 Hamburger SK - Schachfreunde De"]
[Site "?"]
[Date "2020.02.08"]
[Round "5.5"]
[White "Donchenko, Alexander"]
[Black "Ftacnik, Lubomir"]
[Result "1-0"]
[WhiteElo "2650"]
[BlackElo "2516"]
[PlyCount "97"]
[EventDate "2020.??.??"]

1. c4 b6 2. d4 Bb7 3. Nc3 Nf6 4. Qc2 d5 5. cxd5 Nxd5 6. Nf3 Nxc3 7. bxc3 g6 8.
h4 Nd7 9. h5 Bg7 10. e4 e5 11. Bc4 exd4 12. cxd4 Qe7 13. e5 O-O-O 14. O-O gxh5
15. Qf5 Kb8 16. Qxf7 Qxf7 17. Bxf7 Bxf3 18. gxf3 Nxe5 19. dxe5 Bxe5 20. Rb1
Rhf8 21. Bxh5 Rg8+ 22. Kh1 Rd4 23. Bg4 h5 24. f4 Bxf4 25. Bb2 Rd2 26. Be6 Re8
27. Bb3 Bd6 28. Bc1 Rd4 29. Be3 Rh4+ 30. Kg2 Rf8 31. Rh1 Rg4+ 32. Kf1 h4 33.
Rd1 a5 34. Bxb6 a4 35. Bc2 cxb6 36. Rxd6 Rb4 37. Rh3 b5 38. a3 Rbf4 39. Rd2 Kc7
40. Re3 Kb6 41. Re5 b4 42. axb4 Rxb4 43. Rd6+ Kc7 44. Ra6 Rbf4 45. Re2 h3 46.
Rxa4 Rxa4 47. Bxa4 Rg8 48. Re7+ Kb6 49. Rh7 1-0

[Event "BL 1920 Hamburger SK - Schachfreunde De"]
[Site "?"]
[Date "2020.02.08"]
[Round "5.7"]
[White "Kollars, Dmitrij"]
[Black "Rogozenco, Dorian"]
[Result "1/2-1/2"]
[WhiteElo "2593"]
[BlackElo "2475"]
[PlyCount "90"]
[EventDate "2020.??.??"]

1. e4 c5 2. Nc3 e6 3. Nf3 Nc6 4. d4 cxd4 5. Nxd4 Nf6 6. Nxc6 bxc6 7. e5 Nd5 8.
Ne4 Qc7 9. f4 Qb6 10. c4 Bb4+ 11. Ke2 f5 12. exf6 Nxf6 13. Be3 Qd8 14. Nd6+
Bxd6 15. Qxd6 Bb7 16. Rd1 Rc8 17. g4 c5 18. Rg1 Rc6 19. Qe5 O-O 20. g5 Nh5 21.
Bh3 d6 22. Bxe6+ Kh8 23. Qc3 Nxf4+ 24. Bxf4 Rxf4 25. Rdf1 Re4+ 26. Kd1 Rxe6 27.
Rf7 Rg6 28. h4 Rc7 29. Qa5 Rc8 30. Qxd8+ Rxd8 31. Rxb7 d5 32. Kc2 h6 33. Rxa7
dxc4 34. a4 Rd4 35. a5 Kh7 36. a6 Rdd6 37. Ra1 hxg5 38. hxg5 Rge6 39. Ra8 Kg6
40. Ra5 Rd3 41. Rxc5 Re2+ 42. Kc1 Re1+ 43. Kc2 Re2+ 44. Kc1 Re1+ 45. Kc2 Re2+
1/2-1/2

[Event "BL 1920 Hamburger SK - Schachfreunde De"]
[Site "?"]
[Date "2020.02.08"]
[Round "5.8"]
[White "Sebastian, Dirk"]
[Black "Graf, Alexander"]
[Result "1/2-1/2"]
[WhiteElo "2452"]
[BlackElo "2574"]
[PlyCount "100"]
[EventDate "2020.??.??"]

1. e4 e6 2. d4 d5 3. Nd2 c5 4. exd5 exd5 5. Ngf3 Nf6 6. Bb5+ Bd7 7. Bxd7+ Nbxd7
8. O-O Be7 9. dxc5 Nxc5 10. Nb3 Nce4 11. Nbd4 O-O 12. Nf5 Bc5 13. Be3 Re8 14.
Bxc5 Nxc5 15. Re1 Qd7 16. N3d4 g6 17. Ne3 Qd6 18. Qf3 Re4 19. Nb5 Qe7 20. Nc3
Re5 21. Rad1 Rd8 22. Nb5 Na4 23. b3 a6 24. bxa4 axb5 25. Rd4 bxa4 26. Red1 b5
27. g3 Kg7 28. Rb1 Re4 29. Rxe4 Qxe4 30. Qxe4 Nxe4 31. Rxb5 Nc3 32. Ra5 Re8 33.
Kf1 d4 34. Nc4 Re2 35. Rxa4 Rxc2 36. Ra7 Nxa2 37. Ne5 Kf6 38. Nf3 d3 39. Rd7
Nb4 40. Rd4 Rb2 41. h4 h6 42. g4 g5 43. hxg5+ hxg5 44. Kg2 Rb3 45. Nd2 Nc2 46.
Nxb3 Nxd4 47. Nc5 Ke5 48. Nxd3+ Ke4 49. Nc5+ Kf4 50. Nd3+ Ke4 1/2-1/2

[Event "BL 1920 SV Werder Bremen - USV TU Dresd"]
[Site "?"]
[Date "2020.02.08"]
[Round "5.1"]
[White "Almasi, Zoltan"]
[Black "Fressinet, Laurent"]
[Result "1/2-1/2"]
[WhiteElo "2696"]
[BlackElo "2633"]
[PlyCount "71"]
[EventDate "2020.??.??"]

1. Nf3 d5 2. b3 Nf6 3. Bb2 c5 4. e3 e6 5. Bb5+ Bd7 6. Bxd7+ Qxd7 7. Ne5 Qc7 8.
O-O Nc6 9. f4 Be7 10. d3 Nxe5 11. Bxe5 Qc6 12. Qf3 O-O 13. Qg3 Ne8 14. Nd2 d4
15. exd4 f6 16. d5 exd5 17. Bb2 Nd6 18. Rae1 Rae8 19. Qf3 Bd8 20. c4 d4 21.
Qxc6 bxc6 22. Ba3 Bb6 23. b4 cxb4 24. Bxb4 c5 25. Ba3 Kf7 26. Nb3 Nb7 27. Kf2
f5 28. g3 Rxe1 29. Rxe1 Re8 30. Rd1 Re6 31. Bc1 Bc7 32. Rd2 Ba5 33. Re2 Rxe2+
34. Kxe2 Ke6 35. Ba3 Bb6 36. Kd1 1/2-1/2

[Event "BL 1920 SV Werder Bremen - USV TU Dresd"]
[Site "?"]
[Date "2020.02.08"]
[Round "5.2"]
[White "Van Foreest, Lucas"]
[Black "Nisipeanu, Liviu-Dieter"]
[Result "1/2-1/2"]
[WhiteElo "2545"]
[BlackElo "2657"]
[PlyCount "50"]
[EventDate "2020.??.??"]

1. e4 c6 2. Nf3 d5 3. d3 dxe4 4. dxe4 Qxd1+ 5. Kxd1 Nf6 6. Nfd2 g5 7. Bd3 Nbd7
8. Nf3 g4 9. Nh4 Ne5 10. Ke2 Bg7 11. Nc3 Be6 12. Be3 Nc4 13. Bxc4 Bxc4+ 14. Ke1
Nd7 15. h3 gxh3 16. Rxh3 Rg8 17. Bd2 Bf6 18. b3 Be6 19. Rh1 O-O-O 20. Rd1 Nc5
21. f3 Bxh4+ 22. Rxh4 Rxg2 23. Ne2 Nd7 24. Bc3 f5 25. Nf4 Rg1+ 1/2-1/2

[Event "BL 1920 SV Werder Bremen - USV TU Dresd"]
[Site "?"]
[Date "2020.02.08"]
[Round "5.3"]
[White "Gajewski, Grzegorz"]
[Black "Spoelman, Wouter"]
[Result "1/2-1/2"]
[WhiteElo "2614"]
[BlackElo "2578"]
[PlyCount "196"]
[EventDate "2020.??.??"]

1. e4 c5 2. Nf3 e6 3. d4 cxd4 4. Nxd4 Nc6 5. Nc3 Qc7 6. g4 a6 7. h4 b5 8. Nxc6
Qxc6 9. a3 Bb7 10. Rh3 Qc7 11. g5 Ne7 12. h5 d5 13. g6 hxg6 14. hxg6 Nxg6 15.
Rxh8 Nxh8 16. exd5 Bc5 17. Qe2 O-O-O 18. Bg5 Be7 19. Bxe7 Qxe7 20. Qe3 Ng6 21.
dxe6 Nh4 22. Bh3 Nf3+ 23. Kf1 Qh4 24. Bg2 Nd2+ 25. Kg1 Bxg2 26. Kxg2 Qg4+ 27.
Qg3 Qxe6 28. Rd1 Qc6+ 29. f3 Rd6 30. Qg4+ Kb7 31. Kf2 Qc5+ 32. Ke2 Re6+ 33.
Qxe6 fxe6 34. Rxd2 Qe5+ 35. Kd1 g5 36. Rd3 Kc6 37. b4 Qf5 38. Ne2 e5 39. Nc3
Qh7 40. Kc1 Qh1+ 41. Kb2 Qe1 42. Rd1 Qe3 43. Rd3 Qf4 44. Kb3 e4 45. Nxe4 g4 46.
fxg4 Qxe4 47. Kb2 Qxg4 48. Kb1 Qg1+ 49. Kb2 Qe1 50. Rb3 Kd5 51. Rd3+ Ke5 52.
Rb3 Ke4 53. Rd3 Qg1 54. Rb3 Qd4+ 55. Kb1 Qd5 56. Kb2 Qd1 57. Rd3 Qh5 58. Kb1
Qe5 59. Rb3 Qd4 60. Rd3 Qc4 61. Kb2 Qc7 62. Kb1 Qg7 63. Rb3 Kd4 64. Rd3+ Kc4
65. Rb3 Qd4 66. Rd3 Qg1+ 67. Kb2 Qe1 68. Rb3 Kd4 69. Rd3+ Ke4 70. Rb3 a5 71.
bxa5 Qxa5 72. Rd3 Qc7 73. Rb3 Qe5+ 74. Kb1 Kd4 75. Rd3+ Kc4 76. Rb3 Qe1+ 77.
Kb2 Qe2 78. Rb4+ Kd5 79. Rb3 Kd4 80. Rd3+ Ke4 81. Rb3 Qf1 82. Rd3 Qf6+ 83. Kb1
Qe5 84. Rb3 Kd4 85. Rd3+ Kc4 86. Rb3 Qf6 87. Rd3 b4 88. axb4 Kxb4 89. Rb3+ Kc4
90. Rd3 Qf1+ 91. Kb2 Qe1 92. Rb3 Kd4 93. Rd3+ Ke4 94. Rb3 Qf1 95. Rd3 Qf6+ 96.
Kb1 Qf1+ 97. Kb2 Qxd3 98. cxd3+ Kxd3 1/2-1/2

[Event "BL 1920 SV Werder Bremen - USV TU Dresd"]
[Site "?"]
[Date "2020.02.08"]
[Round "5.4"]
[White "Hracek, Zbynek"]
[Black "Bartel, Mateusz"]
[Result "1/2-1/2"]
[WhiteElo "2562"]
[BlackElo "2639"]
[PlyCount "55"]
[EventDate "2020.??.??"]

1. e4 e6 2. d4 d5 3. Nc3 Bb4 4. e5 c5 5. a3 Bxc3+ 6. bxc3 Ne7 7. a4 Qa5 8. Bd2
Nbc6 9. Nf3 Bd7 10. Bb5 Qc7 11. O-O Na5 12. Bd3 c4 13. Be2 h6 14. Bc1 b6 15.
Ba3 Nb7 16. Ne1 Nf5 17. g3 Bxa4 18. Ng2 g6 19. g4 Ng7 20. h3 O-O-O 21. Bc1 Qd7
22. Bf4 Ne8 23. Qc1 a5 24. Qb2 b5 25. Rfb1 Qc6 26. Ne3 Rd7 27. Qc1 f5 28. exf6
1/2-1/2

[Event "BL 1920 SV Werder Bremen - USV TU Dresd"]
[Site "?"]
[Date "2020.02.08"]
[Round "5.5"]
[White "Vogel, Roven"]
[Black "Werle, Jan"]
[Result "0-1"]
[WhiteElo "2473"]
[BlackElo "2545"]
[PlyCount "82"]
[EventDate "2020.??.??"]

1. e4 e5 2. Nf3 Nc6 3. Bb5 a6 4. Ba4 Nf6 5. O-O Be7 6. d3 d6 7. c3 O-O 8. Re1
b5 9. Bb3 Na5 10. Bc2 c5 11. d4 Qc7 12. Nbd2 cxd4 13. cxd4 Bg4 14. d5 Nb7 15.
Bb1 Rfc8 16. Nb3 a5 17. Be3 a4 18. Nbd2 a3 19. bxa3 Rxa3 20. h3 Qc3 21. hxg4
Qxa1 22. Nb3 Qc3 23. Qe2 Qb4 24. Bd2 Qa4 25. Bc1 Rxb3 26. axb3 Qxb3 27. Nd2 Qb4
28. g5 Nd7 29. Bd3 Bxg5 30. Bxb5 Nf6 31. Bc6 Nc5 32. f3 Nh5 33. Nf1 Bxc1 34.
Rxc1 Nf4 35. Qa2 Rb8 36. Kh2 h5 37. Ne3 g6 38. Nc4 Ncd3 39. Rd1 h4 40. Rd2 Qc5
41. Nb2 Ne1 0-1

[Event "BL 1920 SV Werder Bremen - USV TU Dresd"]
[Site "?"]
[Date "2020.02.08"]
[Round "5.6"]
[White "Babula, Vlastimil"]
[Black "Boensch, Uwe"]
[Result "0-1"]
[WhiteElo "2570"]
[BlackElo "2508"]
[PlyCount "46"]
[EventDate "2020.??.??"]

1. d4 d5 2. c4 e6 3. Nf3 Nf6 4. Bg5 Be7 5. Qc2 h6 6. Bxf6 Bxf6 7. e3 Nd7 8. Nc3
c6 9. O-O-O a6 10. cxd5 cxd5 11. e4 Nb6 12. Kb1 Bd7 13. exd5 O-O 14. dxe6 Bxe6
15. d5 Bd7 16. Ne4 Rc8 17. Qd2 Bf5 18. Qf4 g6 19. Bd3 Bg7 20. Nc3 Rxc3 21. bxc3
Nxd5 22. Qc4 Nxc3+ 23. Kc2 Be6 0-1

[Event "BL 1920 SV Werder Bremen - USV TU Dresd"]
[Site "?"]
[Date "2020.02.08"]
[Round "5.7"]
[White "Maiwald, Jens-Uwe"]
[Black "Markgraf, Alexander"]
[Result "1/2-1/2"]
[WhiteElo "2430"]
[BlackElo "2483"]
[PlyCount "89"]
[EventDate "2020.??.??"]

1. d4 f5 2. Nc3 Nf6 3. Bg5 d5 4. Bxf6 exf6 5. e3 Be6 6. Qf3 Nc6 7. h4 h5 8. Bb5
Qd6 9. Nh3 O-O-O 10. Nf4 Bf7 11. Nd3 g6 12. a3 Kb8 13. O-O-O Ne7 14. Ba4 Nc8
15. Bb3 c6 16. Kb1 Qc7 17. Qh3 Nd6 18. Nc5 Ka8 19. f3 Bh6 20. e4 dxe4 21. fxe4
Bxb3 22. cxb3 Rde8 23. Qg3 Rhg8 24. d5 Re5 25. Nd3 Ree8 26. Nc5 Re5 27. Nd3
Ree8 28. exf5 gxf5 29. Qf3 c5 30. Rhe1 Rxe1 31. Rxe1 Bd2 32. Re6 Bxc3 33. bxc3
Ne4 34. Qxh5 Nxc3+ 35. Ka1 Qd8 36. Qf3 Qa5 37. a4 a6 38. d6 Nxa4 39. Re7 Nc3+
40. Kb2 Ne4 41. d7 Qd2+ 42. Ka1 Qa5+ 43. Kb2 Qd2+ 44. Ka1 Qa5+ 45. Kb2 1/2-1/2

[Event "BL 1920 SV Werder Bremen - USV TU Dresd"]
[Site "?"]
[Date "2020.02.08"]
[Round "5.8"]
[White "Meins, Gerlef"]
[Black "Tischbierek, Raj"]
[Result "1/2-1/2"]
[WhiteElo "2415"]
[BlackElo "2441"]
[PlyCount "63"]
[EventDate "2020.??.??"]

1. d4 d5 2. Nf3 Nf6 3. Bf4 c5 4. e3 Nc6 5. c3 Qb6 6. Qb3 c4 7. Qc2 Bf5 8. Qc1
e6 9. Nbd2 Be7 10. Be2 O-O 11. O-O Qd8 12. b3 cxb3 13. axb3 Nh5 14. Bg3 Nxg3
15. hxg3 Qb8 16. b4 a6 17. Qb2 Rc8 18. b5 axb5 19. Rxa8 Qxa8 20. Ra1 Qb8 21.
Qxb5 Qc7 22. c4 dxc4 23. Nxc4 h6 24. Nfe5 Nxe5 25. Nxe5 Be4 26. Bf3 Bc6 27.
Bxc6 bxc6 28. Qc4 Bd6 29. Nd3 c5 30. dxc5 Bxc5 31. Rc1 Bd6 32. Qxc7 1/2-1/2

[Event "BL 1920 SG Speyer-Schwegenheim - SG Sol"]
[Site "?"]
[Date "2020.02.08"]
[Round "5.1"]
[White "Harikrishna, Pentala"]
[Black "Oleksiyenko, Mykhaylo"]
[Result "1-0"]
[WhiteElo "2713"]
[BlackElo "2594"]
[PlyCount "93"]
[EventDate "2020.??.??"]

1. e4 e5 2. Nf3 Nc6 3. Bb5 Nf6 4. d3 d6 5. O-O a6 6. Bxc6+ bxc6 7. Re1 c5 8. c3
Be7 9. d4 cxd4 10. cxd4 exd4 11. Nxd4 Bd7 12. Nc3 O-O 13. h3 Re8 14. Bf4 Qb8
15. b3 Qb7 16. Qd3 Rad8 17. Rad1 h6 18. Qf3 c5 19. Nde2 Be6 20. Ng3 Qb4 21. Re2
c4 22. bxc4 Qxc4 23. Red2 Rc8 24. Nge2 Nh7 25. Bxd6 Ng5 26. Qe3 Bxd6 27. Rxd6
a5 28. R1d3 f5 29. e5 Ne4 30. R6d4 Nxc3 31. Nxc3 Qc5 32. f4 Bc4 33. Rd2 Be6 34.
Ne2 Rb8 35. Kh2 Kh7 36. Qd3 Qb5 37. Qxb5 Rxb5 38. Rd6 Rc5 39. Nd4 Bc8 40. Rc2
Rxc2 41. Nxc2 Bb7 42. Nd4 Be4 43. g4 fxg4 44. hxg4 Rb8 45. f5 Bb1 46. a3 Rc8
47. Rd7 1-0

[Event "BL 1920 SG Speyer-Schwegenheim - SG Sol"]
[Site "?"]
[Date "2020.02.08"]
[Round "5.2"]
[White "Abasov, Nijat"]
[Black "Ragger, Markus"]
[Result "1/2-1/2"]
[WhiteElo "2670"]
[BlackElo "2670"]
[PlyCount "47"]
[EventDate "2020.??.??"]

1. Nf3 Nf6 2. c4 c5 3. Nc3 d5 4. cxd5 Nxd5 5. e3 e6 6. Nxd5 exd5 7. Bb5+ Nc6 8.
O-O Bd6 9. d4 cxd4 10. Nxd4 O-O 11. Nxc6 bxc6 12. Bxc6 Bxh2+ 13. Kxh2 Qd6+ 14.
Kg1 Qxc6 15. Qd4 Qc4 16. Rd1 Be6 17. b3 Qxd4 18. Rxd4 Rfc8 19. Ra4 a6 20. Bb2
h5 21. Bd4 Rc6 22. Ra5 Rb8 23. Rd1 h4 24. Rd2 1/2-1/2

[Event "BL 1920 SG Speyer-Schwegenheim - SG Sol"]
[Site "?"]
[Date "2020.02.08"]
[Round "5.3"]
[White "Ganguly, Surya Shekhar"]
[Black "Meshkovs, Nikita"]
[Result "0-1"]
[WhiteElo "2640"]
[BlackElo "2566"]
[PlyCount "82"]
[EventDate "2020.??.??"]

1. e4 e5 2. Nf3 Nc6 3. Bb5 a6 4. Ba4 Nf6 5. O-O Be7 6. Re1 b5 7. Bb3 d6 8. c3
O-O 9. h3 Na5 10. Bc2 c5 11. d4 Nd7 12. d5 Qc7 13. b3 Nb6 14. Nbd2 Bd7 15. Nf1
Nb7 16. Be3 a5 17. Rb1 a4 18. g4 axb3 19. axb3 Ra2 20. Ng3 g6 21. Kh1 Kh8 22.
Rg1 Rg8 23. Qd2 Na5 24. Ng5 Rf8 25. Nf5 Qd8 26. h4 Nac4 27. bxc4 Nxc4 28. Qe2
Nxe3 29. Qxe3 Bxg5 30. hxg5 gxf5 31. gxf5 Rxc2 32. Rg3 Rg8 33. Kg2 Rg7 34. Rh1
b4 35. cxb4 cxb4 36. Rh5 Rc3 37. Qa7 Rxg3+ 38. fxg3 Be8 39. f6 Rg6 40. Qb7 Qd7
41. Qb8 Qb5 0-1

[Event "BL 1920 SG Speyer-Schwegenheim - SG Sol"]
[Site "?"]
[Date "2020.02.08"]
[Round "5.4"]
[White "Pavlidis, Antonios"]
[Black "Tari, Aryan"]
[Result "0-1"]
[WhiteElo "2544"]
[BlackElo "2629"]
[PlyCount "48"]
[EventDate "2020.??.??"]

1. e4 c5 2. Nf3 d6 3. d4 cxd4 4. Nxd4 Nf6 5. Nc3 Nc6 6. f3 e5 7. Nb3 Be7 8. Be3
Be6 9. Qd2 a5 10. Bb5 O-O 11. O-O-O Qb8 12. Kb1 Rc8 13. Nd5 Bxd5 14. exd5 a4
15. Nc1 a3 16. b3 Nd4 17. Bxd4 exd4 18. Ne2 Nxd5 19. Qxd4 Rc5 20. Bd3 Bf6 21.
Bxh7+ Kh8 22. Qg4 Qe8 23. Qe4 Qc6 24. Qg4 Kxh7 0-1

[Event "BL 1920 SG Speyer-Schwegenheim - SG Sol"]
[Site "?"]
[Date "2020.02.08"]
[Round "5.5"]
[White "Andersen, Mads"]
[Black "Kantans, Toms"]
[Result "1-0"]
[WhiteElo "2584"]
[BlackElo "2499"]
[PlyCount "89"]
[EventDate "2020.??.??"]

1. d4 Nf6 2. c4 g6 3. g3 Bg7 4. Bg2 d5 5. cxd5 Nxd5 6. Nf3 O-O 7. O-O Nc6 8. e4
Nb6 9. d5 Na5 10. Qe1 Nac4 11. Nc3 e5 12. b3 Nd6 13. a4 Bg4 14. a5 Nbc8 15. h3
Bxf3 16. Bxf3 f5 17. Ba3 Rf7 18. Rc1 fxe4 19. Bg4 Nf5 20. Nxe4 h5 21. Bxf5 gxf5
22. Nc5 Qxd5 23. Qe2 Ne7 24. Rfd1 Qc6 25. Qxh5 Qh6 26. Qxh6 Bxh6 27. Rc4 b5 28.
Rh4 Bf8 29. Ne6 Ng6 30. Nxf8 Nxh4 31. gxh4 Raxf8 32. Bxf8 Kxf8 33. Rd5 Rh7 34.
Rxe5 Rxh4 35. Rxf5+ Ke7 36. Rxb5 Rxh3 37. Rb7 Kd7 38. Kg2 Rc3 39. a6 Rc6 40.
Rxa7 Rb6 41. Ra8 Rxb3 42. a7 Ra3 43. f4 Kc6 44. f5 Kb7 45. Re8 1-0

[Event "BL 1920 SG Speyer-Schwegenheim - SG Sol"]
[Site "?"]
[Date "2020.02.08"]
[Round "5.6"]
[White "Shytaj, Luca"]
[Black "Van Wely, Loek"]
[Result "0-1"]
[WhiteElo "2480"]
[BlackElo "2609"]
[PlyCount "84"]
[EventDate "2020.??.??"]

1. e4 c5 2. b3 b6 3. Bb2 Bb7 4. Nc3 Nc6 5. Nf3 e6 6. Qe2 Nge7 7. O-O-O a6 8.
Qe3 Qc7 9. Kb1 Rc8 10. h4 h5 11. g3 Ng6 12. Nd5 exd5 13. exd5+ Nce7 14. c4 f6
15. Bh3 Kf7 16. Rhe1 Kg8 17. d4 b5 18. d6 Qxd6 19. d5 bxc4 20. bxc4 Rb8 21. Ka1
Nc8 22. Qd3 Rh6 23. Bc3 Nb6 24. Rb1 Na4 25. Bd2 Ne5 26. Nxe5 fxe5 27. Qb3 e4
28. Qxa4 Qe5+ 29. Rb2 Bxd5 30. Qc2 Rxb2 31. Qxb2 Qxb2+ 32. Kxb2 Rb6+ 33. Kc3
Be6 34. Bg2 Rb4 35. Rxe4 g6 36. Be3 Bg7+ 37. Kd2 Rb2+ 38. Kc1 Rxa2 39. Bxc5 a5
40. Be3 a4 41. c5 Ra1+ 42. Kd2 Bd5 0-1

[Event "BL 1920 SG Speyer-Schwegenheim - SG Sol"]
[Site "?"]
[Date "2020.02.08"]
[Round "5.7"]
[White "Nikolic, Predrag"]
[Black "Bodrozic, Tomislav"]
[Result "1/2-1/2"]
[WhiteElo "2571"]
[BlackElo "2364"]
[PlyCount "84"]
[EventDate "2020.??.??"]

1. d4 d5 2. c4 dxc4 3. e4 Nc6 4. Nf3 Nf6 5. e5 Nd5 6. Bxc4 Bg4 7. Nc3 e6 8. Bb5
Be7 9. h3 Bh5 10. a3 O-O 11. Be2 f6 12. O-O fxe5 13. Nxe5 Bxe2 14. Nxe2 Nxe5
15. dxe5 Bc5 16. Ng3 Qh4 17. Qg4 Qxg4 18. hxg4 Bd4 19. Ne4 Rae8 20. Ra2 b6 21.
b4 Bxe5 22. Rc2 Bd4 23. Rd1 e5 24. g3 c5 25. bxc5 bxc5 26. Kg2 Nf6 27. Nxf6+
Rxf6 28. Re1 Kf7 29. Be3 Re7 30. Bg5 Ra6 31. Bxe7 Kxe7 32. Ra2 Kd6 33. Rb1 Kd5
34. a4 c4 35. Rb5+ Ke4 36. a5 c3 37. Rb1 Rc6 38. Re1+ Kd3 39. Rd1+ Kc4 40. Rb1
Kd3 41. Rd1+ Kc4 42. Rb1 Kd3 1/2-1/2

[Event "BL 1920 SG Speyer-Schwegenheim - SG Sol"]
[Site "?"]
[Date "2020.02.08"]
[Round "5.8"]
[White "Flierl, Pascal"]
[Black "Handke, Florian"]
[Result "0-1"]
[WhiteElo "2214"]
[BlackElo "2530"]
[PlyCount "64"]
[EventDate "2020.??.??"]

1. e4 c5 2. Nc3 Nc6 3. f4 g6 4. Nf3 Bg7 5. Bb5 Nd4 6. O-O a6 7. Bd3 d6 8. e5
Nh6 9. Be4 O-O 10. d3 e6 11. Nxd4 cxd4 12. Ne2 dxe5 13. fxe5 Ng4 14. c3 dxc3
15. bxc3 Nxe5 16. d4 Nc4 17. Qd3 Qc7 18. Bf4 e5 19. dxe5 Nxe5 20. Qg3 Bd7 21.
Rab1 Bc6 22. Bxc6 bxc6 23. Nd4 Qa5 24. Rb7 Qd5 25. Rfb1 c5 26. Bxe5 Bxe5 27.
Nc6 Qxc6 28. Qxe5 Rae8 29. Qf4 Re2 30. Qf1 Rxa2 31. R7b6 Qe4 32. Re1 Rxg2+ 0-1

[Event "BL 1920 SV Hockenheim - SV Mülheim Nor"]
[Site "?"]
[Date "2020.02.08"]
[Round "5.1"]
[White "Navara, David"]
[Black "Vitiugov, Nikita"]
[Result "1-0"]
[WhiteElo "2717"]
[BlackElo "2731"]
[PlyCount "83"]
[EventDate "2020.??.??"]

1. c4 e5 2. Nc3 Bb4 3. g3 Bxc3 4. bxc3 d6 5. Bg2 Ne7 6. d3 Nbc6 7. f4 exf4 8.
Bxf4 O-O 9. Nf3 h6 10. O-O Rb8 11. Qd2 Bd7 12. e4 Ng6 13. Be3 b6 14. Nd4 Nxd4
15. cxd4 c5 16. a4 Kh7 17. a5 Qc8 18. axb6 axb6 19. Ra7 b5 20. dxc5 dxc5 21.
Ra5 Ne5 22. Rc1 bxc4 23. Rxc5 Qe8 24. dxc4 Bg4 25. Bd4 f6 26. Qc3 Nc6 27. e5
Nxe5 28. Bxe5 fxe5 29. Qxe5 Qxe5 30. Rxe5 Rb2 31. Be4+ Kg8 32. c5 Bh3 33. c6
Rbf2 34. Bd5+ Kh8 35. Re8 Rf1+ 36. Rxf1 Rxe8 37. Bg2 Bg4 38. c7 g5 39. h3 Bc8
40. Rd1 Kg7 41. Rd8 Rf8 42. g4 1-0

[Event "BL 1920 SV Hockenheim - SV Mülheim Nor"]
[Site "?"]
[Date "2020.02.08"]
[Round "5.2"]
[White "Vidit, Santosh Gujrathi"]
[Black "Nguyen, Thai Dai Van"]
[Result "1-0"]
[WhiteElo "2721"]
[BlackElo "2560"]
[PlyCount "117"]
[EventDate "2020.??.??"]

1. d4 Nf6 2. c4 e6 3. Nf3 d5 4. g3 dxc4 5. Bg2 a6 6. O-O Nc6 7. e3 Rb8 8. Qe2
b5 9. b3 cxb3 10. axb3 Bd6 11. Bb2 Bb7 12. Ne5 Nb4 13. Bxb7 Rxb7 14. Bc3 Nbd5
15. Rxa6 Bxe5 16. dxe5 Nd7 17. Bb2 O-O 18. Nd2 b4 19. Qc4 N7b6 20. Qc6 Rb8 21.
Ne4 Ra8 22. Rxa8 Qxa8 23. Qc2 h6 24. Bd4 Qb7 25. Rc1 Nd7 26. Qc6 Qxc6 27. Rxc6
Ra8 28. Nd2 Ra2 29. Nc4 Nb8 30. Rc5 Na6 31. Ra5 Rxa5 32. Nxa5 c5 33. Bb2 Nb6
34. Kf1 Kf8 35. Ke2 Ke7 36. Kd3 Kd7 37. Nb7 Nc8 38. Kc4 Kc6 39. Nd8+ Kd7 40.
Nxf7 Kc6 41. Nd6 Nb6+ 42. Kd3 c4+ 43. Nxc4 Nc5+ 44. Kc2 Nxc4 45. bxc4 Ne4 46.
f3 Ng5 47. f4 Ne4 48. Kb3 g6 49. Kxb4 Nd2 50. g4 Ne4 51. Bd4 Nf2 52. e4 Nd3+
53. Kc3 Nxf4 54. Be3 Nh3 55. Kd3 Kc7 56. Ke2 Kc6 57. Kf3 Ng5+ 58. Bxg5 hxg5 59.
Kg3 1-0

[Event "BL 1920 SV Hockenheim - SV Mülheim Nor"]
[Site "?"]
[Date "2020.02.08"]
[Round "5.3"]
[White "Vrolijk, Liam"]
[Black "Tomashevsky, Evgeny"]
[Result "1/2-1/2"]
[WhiteElo "2501"]
[BlackElo "2705"]
[PlyCount "46"]
[EventDate "2020.??.??"]

1. d4 Nf6 2. c4 e6 3. Nf3 Bb4+ 4. Nbd2 O-O 5. a3 Be7 6. e4 d6 7. Be2 Nfd7 8. b4
a5 9. Bb2 e5 10. d5 c5 11. b5 Nb6 12. Bd3 f5 13. exf5 Bxf5 14. Bxf5 Rxf5 15.
Qc2 Qf8 16. O-O N8d7 17. Rae1 Qf7 18. Ne4 Rf8 19. Qd3 Qg6 20. Kh1 Rh5 21. Qe2
Qg4 22. Nfd2 Qxe2 23. Rxe2 Rhf5 1/2-1/2

[Event "BL 1920 SV Hockenheim - SV Mülheim Nor"]
[Site "?"]
[Date "2020.02.08"]
[Round "5.4"]
[White "Fedoseev, Vladimir"]
[Black "Buckels, Valentin"]
[Result "1-0"]
[WhiteElo "2671"]
[BlackElo "2462"]
[PlyCount "95"]
[EventDate "2020.??.??"]

1. d4 Nf6 2. c4 e6 3. Nf3 d5 4. Bg5 Be7 5. e3 h6 6. Bxf6 Bxf6 7. Qc2 Nd7 8. Nc3
c6 9. h4 g6 10. O-O-O O-O 11. e4 dxe4 12. Qxe4 Bg7 13. h5 Nf6 14. Qe3 Ng4 15.
Qe1 g5 16. Bd3 Qa5 17. Nd2 Bxd4 18. Qe4 f5 19. Qxd4 Rd8 20. Nb3 Rxd4 21. Nxa5
Nxf2 22. Kc2 Nxh1 23. Rxh1 e5 24. c5 e4 25. Bc4+ Kg7 26. Ne2 Rd7 27. Kc3 b6 28.
Nxc6 Rc7 29. b4 bxc5 30. b5 a6 31. a4 axb5 32. axb5 Ra3+ 33. Kb2 Re3 34. Ra1
Bd7 35. Ra6 f4 36. Nc3 f3 37. gxf3 exf3 38. Nd5 Re2+ 39. Kc3 Rb7 40. Bxe2 fxe2
41. Kd2 Be8 42. Nce7 c4 43. Nf5+ Kf8 44. Rf6+ Rf7 45. b6 Rxf6 46. Nxf6 Bc6 47.
Kxe2 Kf7 48. Ng4 1-0

[Event "BL 1920 SV Hockenheim - SV Mülheim Nor"]
[Site "?"]
[Date "2020.02.08"]
[Round "5.5"]
[White "Warmerdam, Max"]
[Black "Howell, David W L"]
[Result "1/2-1/2"]
[WhiteElo "2497"]
[BlackElo "2665"]
[PlyCount "90"]
[EventDate "2020.??.??"]

1. e4 e5 2. Nf3 Nc6 3. Bb5 a6 4. Ba4 Nf6 5. O-O Be7 6. Re1 b5 7. Bb3 d6 8. c3
O-O 9. h3 Na5 10. Bc2 c5 11. d4 Qc7 12. Nbd2 cxd4 13. cxd4 Bd7 14. Nf1 Rac8 15.
Ne3 Nc6 16. Bb3 Rfe8 17. dxe5 Nxe5 18. Bd2 Qb7 19. Nxe5 dxe5 20. Nd5 Nxd5 21.
Bxd5 Bc6 22. Bxc6 Rxc6 23. Rc1 Rxc1 24. Qxc1 Rc8 25. Qb1 Bc5 26. Be3 Bxe3 27.
Rxe3 g6 28. Qd1 Qc6 29. Rc3 Qe6 30. Rxc8+ Qxc8 31. a3 Qc4 32. f3 Qc5+ 33. Kf1
Qe3 34. Qc2 a5 35. b3 h5 36. Qc7 a4 37. bxa4 bxa4 38. Qb8+ Kh7 39. Qf8 Qb3 40.
h4 Qe6 41. Kg1 Qb6+ 42. Kh2 Qf6 43. Kg1 Qb6+ 44. Kh2 Qf6 45. Kg1 Qb6+ 1/2-1/2